书目信息 |
| 题名: |
哲学自学纲要
|
|
| 作者: | 于超 , 丁培昌 , 王震宇 编 | |
| 分册: | ||
| 出版信息: | 济南 山东文艺出版社 1985 |
|
| 页数: | 367页 | |
| 开本: | 19cm | |
| 丛书名: | ||
| 单 册: | ||
| 中图分类: | B0 | |
| 科图分类: | ||
| 主题词: | 哲学理论 | |
| 电子资源: | ||
| ISBN: | ||
| 000 | 00753nam0 2200265 45 | |
| 001 | 0185000382 | |
| 005 | 20050525113619.6 | |
| 010 | @dCNY1.80 | |
| 091 | @a10331.135 | |
| 100 | @a19900921d1985 em y0chiy0121 ea | |
| 101 | 0 | @achi |
| 102 | @aCN@b370000 | |
| 105 | @ay z 000yy | |
| 200 | 10 | @a哲学自学纲要@Azhe xue zi xue gang yao@f于超,丁培昌,王震宇编@FYu Chao,Ding Pei Chang,Wang Zhen Yu Bian |
| 210 | @a济南@c山东文艺出版社@d1985 | |
| 215 | @a367页@d19cm | |
| 300 | @a自修大学、职工业余大学、函授大学、广播电视大学自学辅导 | |
| 606 | 0 | @a哲学理论 |
| 690 | @aB0@v3 | |
| 701 | 0 | @a于超@4编 |
| 701 | 0 | @a丁培昌@4编 |
| 701 | 0 | @a王震宇@4编 |
| 801 | 0 | @aCN@b深圳图书馆@c20040508 |
| 801 | 2 | @aCN@bNLC@c20040508 |
| 905 | @dB0@e73@f1@b153513 | |
| 哲学自学纲要/于超,丁培昌,王震宇编.-济南:山东文艺出版社,1985 |
| 367页;19cm |
| 自修大学、职工业余大学、函授大学、广播电视大学自学辅导 |
| ISBN :CNY1.80 |
| ● |
| 相关链接 |
|
|
|
|
正题名:哲学自学纲要
索取号:B0/73
 
预约/预借
| 序号 | 登录号 | 条形码 | 馆藏地/架位号 | 状态 | 备注 |
| 1 | 0153511 | 001130779 | 密集书库/ [索取号:B0/73] | 在馆 | |
| 2 | 0153512 | 001465596 | 密集书库/ [索取号:B0/73] | 在馆 | |
| 3 | 0153513 | 002048242 | 第一样本阅览室/ [索取号:B0/73] | 在馆 |